000 01599cam a22002771 4500
999 _c387
_d387
001 8468500
003 GBCCL
005 20241126110337.0
008 861009s1965 xx m 000 0 eng
010 _afi 66001507
040 _aDLC
_cCarP
_dDLC
082 _a220.07
_bTHE
110 _aTheological professors of the American LUtheran Church
_9497
245 0 4 _aThe Bible:
_bbook of faith /
_cby Theological Professors of the American Lutheran Church.
260 _bReleased by Augsburg Pub. House,
_c1964.
_aMinneapolis.
300 _a175 pages ; 21 cm.
440 _aLeadership education series, course #6, 1964.
_916120
505 _aIntroduction / C. Richard Evenson. -- Bible and our church / Eugene L. Fevold. -- Revelation / Theodore S. Liefeld. -- Old Testament history / Horace D. Hummel. -- Message and purpose of the Old Testament / John P. Milton. -- Formation of the Old Testament / Ralph W. Doermann. -- Background of Old Testament times / Wendell Frerichs. -- Message and purpose of the New Testament / Olaf K. Storaasli. -- Formation of the New Testament / Philip A. Quanbeck. -- Bible and Inspiration / William H. Weiblen. -- Bible and our response / Stanley D. Schneider.
630 0 0 _aBible
_xStudy and teaching.
_9498
650 _aFaith.
_92645
710 2 _aAmerican Lutheran Church (1961- ).
_bDivision of Parish Education. [from old catalog]
_9499
710 2 _aAmerican Lutheran Church (1961- ).
_bDivision of Publication. [from old catalog]
_9500
710 2 _aAugsburg Publishing House.
_9501
906 _a0
_bcbc
_cpremunv
_du
_encip
_f19
_gy-gencatlg
942 _2ddc
_cBK
_05